| 000 | 02858nam a2200301Ia 4500 | ||
|---|---|---|---|
| 005 | 20140410171917.0 | ||
| 008 | 130821s2002 it a gs spa | ||
| 040 |
_aCo-BoUCM _bspa |
||
| 041 | 0 | 0 | _aspa |
| 092 | _aDVD 0259 | ||
| 245 | 1 | 3 |
_aEl Amigo Americano _c[DVD] _c[dirigida por] Liliana Cavani |
| 246 | 1 | 3 | _aEl juego de Ripley |
| 260 |
_aRoma (Italia) _bFine Line Features _c2002 |
||
| 300 |
_a1 DVD _bson., color |
||
| 500 | _aSINOPSIS : Basada en la tercera novela de Patricia Highsmith sobre el personaje de Tom Ripley, ¿El Amigo Americano? supone el retorno a la dirección de la realizadora Liliana Cavani, que ha contado con John Malkovich para dar vida al amoral personaje protagonista de ?El talento de Mr. Ripley?. En este thriller que comienza en Londres, Ripley y su socio Reeves (Ray Winstone) se dedican a la venta de obras de arte falsificadas. Las cosas se complican y, para no ser descubiertos, Ripley no tiene más remedio que asesinar a uno de sus clientes y huir a Italia. Allí se presenta su socio para comunicarle que no estarán seguros hasta que no eliminen a dos personas más. Ripley convence a su vecino Jonathan (Dougray Scott), enfermo de cáncer y con pocos recursos para mantener a su familia, para que lleve a cabo los asesinatos a cambio de una sustanciosa cantidad de dinero. Sin embargo todo el plan se va al garete cuando, durante un viaje en tren camino de Berlín, Ripley tiene que ayudar a Jonathan con la segunda víctima, que resulta ser un capo de la mafia. | ||
| 508 | _aCREDITOS : Dirección, Liliana Cavani; Ayudante de dirección, Daniela Merlo; Dirección artística, Biagio Fersini; Producción, Simon Bosanquet, Ileen Maisel, Riccardo Tosí; Guión, Liliana Cavan, Patricia Highsmith, Charles McKeown; Música, Ennio Morricone; Sonido, Lydia Andrew; Editor, Jon Harris; Fotografía, Alfio Contini; Vestuario, Fotini Dimos, Raffaella Fantasia, Alberto Verso; Efectos especiales, Maurizio Corridori. | ||
| 511 | _aJohn Malkovich (Tom Ripley), Uwe Mansshardt (Terry), Hanns Zischler (Contrabandista de arte), Paolo Paoloni (Franco), Maurizio Lucà (Ayudante de Franco), Dougray Scott (Jonathan Trevanny), Evelina Meghangi (Maria), Chiara Caselli (Luisa Harari), Lena Headey (Sarah Trevanny), Sam Blitz (Matthew Trevanny), Emidio La Vella (Zapatero), Lutz Winde (Ernst), Nikolaus Deutsch (Dr), Wentzel), Wilfried Zander (Belinsky), Ray Winstone (Reeves). | ||
| 546 | _aAudio en Inglés. | ||
| 650 | 0 | 4 |
_aEntretenimiento _926487 |
| 650 | 0 | 4 |
_aPelículas cinematográficas _zItalia _97903 |
| 650 | 0 | 4 |
_aPelículas de misterio _vDVD _921238 |
| 700 | 1 |
_aCavani, Liliana _edir. |
|
| 710 | 2 | _aBaby Films | |
| 710 | 2 | _aFine Line Features | |
| 765 | _tRipley's game | ||
| 856 | 0 | 4 |
_uhttp://www.youtube.com/watch?v=2hhxNJ7KDDs _zSiga este vínculo para ver el trailer. |
| 942 |
_cMULTIMEDIA _2LOCAL _a11 _e1 |
||
| 999 |
_c55117 _d55117 |
||